00542nam a2200169Ia 4500008003700000041000800037080001600045100002100061245007700082260003900159300001800198942000700216952009000223999001700313003000900330040003300339180921t xxu||||| |||| 00| 0 eng d aeng a(x) 502.6b aDe Fonseka, R.N. aA provisional index to the lacal names of the flowering plants of Ceylon bDepartnment of botany aPeradeniya a111p., 32 cm cBK 001040708SCIaMAINbMAINd2023-06-11o(x) 502.5pP3692r2023-06-11w2023-06-11yBK c16652d16652LK-CoDNM aLK-CoDNMdLK-CoDNMeLK-CoDNM